| 000 | 00469nam a2200169Ia 4500 | ||
|---|---|---|---|
| 003 | GCL | ||
| 008 | 140319s9999 xx 000 0 ara d | ||
| 040 |
_aGCL / _cGCL |
||
| 082 | 0 | 4 |
_a301.323 _bم ت |
| 100 | 1 | _aمحمد ابوزهرة | |
| 245 | 1 | 0 |
_aتنظيم الاسرة وتنظيم النسل / _cمحمد ابوزهرة |
| 300 | _a112 ص | ||
| 490 | _a | ||
| 650 | 0 | 4 | _aتنظيم النسل |
| 650 | 0 | 4 | _aمنع الحمل, المواليد |
| 942 |
_2ddc _cBK |
||
| 999 |
_c38637 _d38637 |
||